Apprendre le REGEX 4. Symboles spéciaux et crochets : - ^ - Statistiques

Statistiques générales
  • Ce quiz a été pris 24 fois
  • Le résultat moyen est 7 sur 8
Statistiques - réponses
Indice ( REGEX ) Réponse % Correct
^DA[J-N]AR$ DAKAR
100%
^LIB[U-Z]E$ LIBYE
100%
^PA[^N]AISEAU$ PALAISEAU
95%
^TIM[^EAJFDQS]R$ TIMOR
95%
^[^HFIKZLS][F-T][^B-Z]$ USA
81%
^[^U][A-G][^0-9A-TV-Z]$ EAU
76%
^STE?PETER[^AIOU]BO?URG$ STPETERSBOURG
76%
^[^F]HIL[A-E]DE[^M-P]PH?IE$ PHILADELPHIE
67%
Aucun quiz correspondant
Distribution des résultats
% des personnes avec chaque résultat
Percentile par nombre de réponses
Votre historique - résultats
Vous n’avez pas pris ce quiz